La Forma clase y los movimientos sociales en América latina /
Guardado en:
| Hovedforfatter: | |
|---|---|
| Format: | Texto |
| Tags: |
Tilføj Tag
Ingen Tags, Vær først til at tagge denne postø!
|
MARC
| LEADER | 00000 a a2200000 04500 | ||
|---|---|---|---|
| 001 | 11010 | ||
| 003 | |||
| 040 | |||
| 100 | |a Tischler, Sergio | ||
| 245 | |a La Forma clase y los movimientos sociales en América latina / |c Sergio Tischler | ||
| 773 | |g volumen 5, número 13; páginas 77-85 | ||
| 999 | |c 29927 |d 29927 | ||
